| 000 | 02202nam a2200433 a 4500 | ||
|---|---|---|---|
| 001 | ebr10234641 | ||
| 003 | CaPaEBR | ||
| 006 | m u | ||
| 007 | cr cn||||||||| | ||
| 008 | 071109s2008 enk sb 001 0 eng d | ||
| 010 | _z 2007046692 | ||
| 020 | _z9780754664680 (alk. paper) | ||
| 020 | _z9780754685517 | ||
| 040 |
_aCaPaEBR _cCaPaEBR |
||
| 035 | _a(OCoLC)560698531 | ||
| 043 | _ae-uk-en | ||
| 050 | 1 | 4 |
_aPR431 _b.R67 2008eb |
| 082 | 0 | 4 |
_a820.9/351 _222 |
| 100 | 1 | _aRosenfeld, Nancy. | |
| 245 | 1 | 4 |
_aThe human Satan in seventeenth-century English literature _h[electronic resource] : _bfrom Milton to Rochester / _cby Nancy Rosenfeld. |
| 260 |
_aAldershot, Hants, England ; _aBurlington, Vt. : _bAshgate, _c2008. |
||
| 300 | _avii, 215 p. | ||
| 504 | _aIncludes bibliographical references and index. | ||
| 505 | 0 | _aSatan's journey into evil -- The tempter of Grace abounding -- Diabolus and his unholy war -- Paradise regained : Satan and the son -- "Thine now is all this world" : a human satanic archetype -- Rochester and the Theriophilic paradox -- Rochester - Satan - dorimant -- The Earl of Rochester meets Milton's muse -- Epilogue : Where is the Satan of Samson agonistes?. | |
| 533 |
_aElectronic reproduction. _bPalo Alto, Calif. : _cebrary, _d2011. _nAvailable via World Wide Web. _nAccess may be limited to ebrary affiliated libraries. |
||
| 600 | 1 | 0 |
_aMilton, John, _d1608-1674. _tParadise lost. |
| 600 | 1 | 0 |
_aMilton, John, _d1608-1674. _tParadise regained. |
| 600 | 1 | 0 |
_aBunyan, John, _d1628-1688. _tGrace abounding to the chief of sinners. |
| 600 | 1 | 0 |
_aBunyan, John, _d1628-1688. _tHoly war. |
| 600 | 1 | 0 |
_aRochester, John Wilmot, _cEarl of, _d1647-1680 _xCriticism and interpretation. |
| 600 | 1 | 0 |
_aEtherege, George, _d1635?-1691 _xCriticism and interpretation. |
| 650 | 0 |
_aEnglish literature _yEarly modern, 1500-1700 _xHistory and criticism. |
|
| 650 | 0 | _aDevil in literature. | |
| 650 | 0 | _aHuman body in literature. | |
| 650 | 0 | _aEvil in literature. | |
| 655 | 7 |
_aElectronic books. _2local |
|
| 710 | 2 | _aebrary, Inc. | |
| 856 | 4 | 0 |
_uhttp://site.ebrary.com/lib/rucke/Doc?id=10234641 _zAn electronic book accessible through the World Wide Web; click to view |
| 999 |
_c152434 _d152434 |
||